Delayed action peroxide vulcanisation of EPDM (Record no. 56784)

MARC details
000 -LEADER
fixed length control field 00468nam a2200145Ia 4500
100 ## - MAIN ENTRY--AUTHOR NAME
Personal name George B
245 #0 - TITLE STATEMENT
Title Delayed action peroxide vulcanisation of EPDM
260 ## - PUBLICATION, DISTRIBUTION, ETC. (IMPRINT)
Name of publisher International Rubber Conference & Exhibition: Emerging Trends & Opportunities in Rubber Industry, 17-19 November 2010, Mumbai
520 ## - SUMMARY, ETC.
Summary, etc Article only
650 ## - SUBJECT ADDED ENTRY--TOPICAL TERM
Topical Term EPDM
650 ## - SUBJECT ADDED ENTRY--TOPICAL TERM
Topical Term Peroxide vulcanisation
700 ## - ADDED ENTRY--PERSONAL NAME
Personal name Alex R
942 ## - ADDED ENTRY ELEMENTS (KOHA)
Koha item type Journals
Holdings
Withdrawn status Lost status Damaged status Not for loan Home library Current library Shelving location Date acquired Koha item type
      Journals RRII Library RRII Library Rubber technology 01/01/2021 Journals